[Event "TUR-chT2"]
[Site "Konya"]
[Date "2018.07.12"]
[Round "5.20"]
[White "Avanoglu, Nurulllah"]
[Black "Kesici, Ibrahim"]
[Result "0-1"]
[WhiteElo "1560"]
[BlackElo "1771"]
[PlyCount "98"]
[EventDate "2018.07.10"]
[EventType "team-swiss"]
[EventRounds "9"]
[EventCountry "TUR"]
[SourceTitle "EXT 2019"]
[Source "ChessBase"]
[SourceDate "2018.10.10"]
[SourceVersion "1"]
[SourceVersionDate "2018.10.10"]
[SourceQuality "1"]
[WhiteTeam "Osmaniye Kadirli Savrun"]
[BlackTeam "Istanbul Kartal Belediye"]
[WhiteTeamCountry "TUR"]
[BlackTeamCountry "TUR"]

1. e4 c5 2. Nf3 d6 3. d4 cxd4 4. Nxd4 Nf6 5. Nc3 a6 6. Bd3 e5 7. Nb3 Be7 8. h3 0-0 9. Be3 Be6 10. Nd2 b5 11. a3 Nbd7 12. 0-0 Nc5 13. Be2 d5 14. exd5 Nxd5 15. Nxd5 Bxd5 16. b4 Na4 17. Bd3 f5 18. f3 Kh8 19. Bf2 Nc3 20. Qe1 Qc7 21. Nb1 Na4 22. Nd2 Rae8 23. Rc1 Nc3 24. Nb1 Nxb1 25. Rxb1 e4 26. fxe4 fxe4 27. Be2 Ba2 28. Rc1 Bg5 29. Bh5 Bc4 30. Bxe8 Bxc1 31. Qxc1 Bxf1 32. Bh5 Bd3 33. c3 Qe5 34. Bd1 e3 35. Qxe3 Qxe3 36. Bxe3 Rf1+ 37. Kh2 Rxd1 38. g4 Ra1 39. Bd4 Rxa3 40. Kg3 Kg8 41. h4 Kf7 42. h5 Be2 43. Kh4 Ra1 44. Kg3 Rd1 45. Kf4 Rxd4+ 46. cxd4 Ke6 47. Kg3 Kd5 48. Kh4 Kxd4 49. g5 Kc4 0-1

[Event "TUR-chT2"]
[Site "Konya"]
[Date "2018.07.11"]
[Round "3.8"]
[White "Kesici, Ibrahim"]
[Black "Demirbas, Fatih"]
[Result "1-0"]
[WhiteElo "1771"]
[BlackElo "1733"]
[PlyCount "67"]
[EventDate "2018.07.10"]
[EventType "team-swiss"]
[EventRounds "9"]
[EventCountry "TUR"]
[SourceTitle "EXT 2019"]
[Source "ChessBase"]
[SourceDate "2018.10.10"]
[SourceVersion "1"]
[SourceVersionDate "2018.10.10"]
[SourceQuality "1"]
[WhiteTeam "Istanbul Kartal Belediye"]
[BlackTeam "Trabzon Feda"]
[WhiteTeamCountry "TUR"]
[BlackTeamCountry "TUR"]

1. e4 d6 2. d4 Nf6 3. Nc3 e5 4. Nf3 Nbd7 5. dxe5 dxe5 6. Bc4 Be7 7. Ng5 0-0 8. Bxf7+ Rxf7 9. Ne6 Qe8 10. Nxc7 Qd8 11. Nxa8 b6 12. Nd5 Bc5 13. Be3 Bxe3 14. fxe3 Nxe4 15. Qh5 g6 16. Qh6 Nf2 17. 0-0 Ng4 18. Qh3 Rxf1+ 19. Rxf1 Nc5 20. Qf3 Bf5 21. h3 e4 22. Qf4 Ne6 23. Qg3 Qxd5 24. hxg4 Qxa8 25. gxf5 Nf8 26. Qc7 gxf5 27. Rxf5 Qe8 28. Rg5+ Ng6 29. Rh5 Nf8 30. Re5 Qa4 31. Qd8 Qb4 32. Rg5+ Kf7 33. Rf5+ Kg8 34. c3 1-0

[Event "Cubuk op 3rd"]
[Site "Cubuk"]
[Date "2017.08.19"]
[Round "1"]
[White "Chigladze, Iveri"]
[Black "Kesici, Ibrahim"]
[Result "1-0"]
[WhiteElo "2334"]
[BlackElo "1769"]
[PlyCount "81"]
[EventDate "2017.08.19"]
[EventType "swiss"]
[EventRounds "9"]
[EventCountry "TUR"]
[SourceTitle "CBM 180 Extra"]
[Source "ChessBase"]
[SourceDate "2017.10.06"]
[SourceVersion "1"]
[SourceVersionDate "2017.10.06"]
[SourceQuality "1"]

1. d4 d5 2. c4 e6 3. Nf3 Nf6 4. Nc3 c5 5. cxd5 cxd4 6. Nxd4 Nxd5 7. g3 Nxc3 8. bxc3 Qd5 9. f3 Bd7 10. Bg2 e5 11. e4 Qd6 12. Nb3 Qxd1+ 13. Kxd1 Nc6 14. Be3 0-0-0 15. Kc2 Be6 16. Bf1 b6 17. h4 h5 18. Bh3 Bxh3 19. Rxh3 Be7 20. a4 Rd7 21. a5 Bd8 22. axb6 Bxb6 23. Bxb6 axb6 24. Ra8+ Nb8 25. Rh1 Rhd8 26. Rha1 Kb7 27. R1a7+ Kc8 28. Ra4 Kc7 29. R8a7+ Kd6 30. Nd2 Kc5 31. Rc4+ Kb5 32. Rxd7 Nxd7 33. Rc7 Ka6 34. Nc4 b5 35. Rc6+ Kb7 36. Na5+ Ka7 37. Rd6 Ka8 38. Rd5 f6 39. g4 g6 40. gxh5 gxh5 41. Kb2 1-0